| 000 | 00837nam a22002417a 4500 | ||
|---|---|---|---|
| 003 | OSt | ||
| 005 | 20240530110427.0 | ||
| 008 | 150325s2012 at a f 000 0 eng d | ||
| 022 | _29781864703399 | ||
| 040 |
_aEG-CaGPL _cEG-CaGPL |
||
| 082 | 0 | 4 |
_221 _a725.57\ _bK D |
| 100 | 1 | _aKomiske, Bruce King | |
| 245 | 1 | 0 |
_aDesigning the world's best : _bchildren's hospitals. 3, the future of healing environments / _cBruce King Komiske |
| 250 | _a3rd ed. | ||
| 260 |
_aAustralia : _bVictoria Images Publishing, _c2012. |
||
| 300 |
_a224 p. : _bcol. ill. ; _c31 cm. |
||
| 650 | 0 |
_aHospital buildings _xDesign and construction. |
|
| 650 | 0 |
_aChildren _x Hospitals _xPictorial works. |
|
| 650 | 0 | _aHospital architecture. | |
| 650 | 0 |
_aHospitals _xDesign and construction _xPictorial works |
|
| 942 |
_2ddc _cBK |
||
| 999 |
_c60771 _d60771 |
||